00724 2200253 4500001002100000005001500021035002000036007000300056008003900059020001600098082000800114084001400122100001900136245006300155250001400218260003900232300003600271500001100307650004100318650003900359650003200398990002000430990002000450INLIS00000000000350920230105101826 a0010-0123000036ta230105 | | |  a979524266-5 a900 a900 BRI t0 aBrian Williams1 aTanya & Jawab Ensiklopedia Sejarah Dunia /cBrian Williams aCet. 1,-- aBandung. :bPT. Pakar Raya,c2005. a40 hlm. :bilus. ;c20 x 28 cm. aIndeks aAlih Bahasa, Indri Yuli Astuti, S.Pd aPenyunting Bahasa, Aburiyati, S.Pd aPewajah ulang, Kalbudiyanto a11279/P/Bl/2016 a11278/P/Bl/2016